[Event "4th London Classic Open"]
[Site "London ENG"]
[Date "2012.12.08"]
[Round "8.9"]
[White "Guerrero,An"]
[Black "Zhou,Y"]
[Result "0-1"]
[BlackTitle "IM"]
[WhiteElo "2206"]
[BlackElo "2419"]
[WhiteFideId "3902048"]
[BlackFideId "468584"]
[EventDate "2012.12.01"]

1. e4 c5 2. Nf3 d6 3. d4 Nf6 4. Nc3 cxd4 5. Nxd4 g6 6. Be3 a6 7. Bc4 Bg7 8. f3
Nbd7 9. O-O O-O 10. Kh1 Qc7 11. Qe2 b6 12. Nd5 Nxd5 13. Bxd5 Bb7 14. c4 Rac8 15.
Rac1 e6 16. Bxb7 Qxb7 17. Rfd1 Rfe8 18. Rc2 d5 19. cxd5 exd5 20. Rxc8 Qxc8 21.
Qc2 dxe4 22. fxe4 Nc5 23. b4 Nxe4 24. Nc6 Nc3 25. Rd6 Rxe3 26. Qd2 Re8 27. Ne7+
Rxe7 28. Rd8+ Qxd8 29. Qxd8+ Bf8 30. Kg1 Re1+ 31. Kf2 Re2+ 32. Kf3 Rxa2 33. Qxb6
Nd5 0-1

[Event "4th London Classic Open"]
[Site "London ENG"]
[Date "2012.12.08"]
[Round "8.10"]
[White "Richardson,Joh"]
[Black "Pert,R"]
[Result "1/2-1/2"]
[WhiteTitle "FM"]
[BlackTitle "IM"]
[WhiteElo "2320"]
[BlackElo "2454"]
[WhiteFideId "401617"]
[BlackFideId "404748"]
[EventDate "2012.12.01"]

1. d4 e6 2. c4 f5 3. Nf3 Nf6 4. g3 Be7 5. Bg2 O-O 6. O-O d6 7. Nc3 Ne4 8. Nxe4
fxe4 9. Nd2 d5 10. f3 Nc6 11. fxe4 Rxf1+ 12. Nxf1 dxc4 13. Be3 Bd7 14. Qd2 Qe8
15. Rd1 Rd8 16. Bg5 Bxg5 17. Qxg5 e5 18. d5 Nd4 19. e3 Nb5 20. Rc1 Nd6 21. g4
Rb8 22. Ng3 h6 23. Qh4 Qd8 24. Qxd8+ Rxd8 25. Bf3 b5 26. b3 g6 27. Be2 Rc8 28.
bxc4 bxc4 29. Bxc4 Bxg4 30. Ba6 Rb8 31. Rxc7 Rb1+ 32. Bf1 Bh3 33. Kf2 Bxf1 34.
Nxf1 Nxe4+ 35. Ke2 Rb2+ 36. Kd3 Nf2+ 37. Kc3 Nd1+ 38. Kd3 Nf2+ 39. Kc3 Nd1+ 40.
Kd3 1/2-1/2

[Event "4th London Classic Open"]
[Site "London ENG"]
[Date "2012.12.08"]
[Round "8.11"]
[White "Boruchovsky,A"]
[Black "Kojima,S"]
[Result "1-0"]
[WhiteTitle "IM"]
[BlackTitle "FM"]
[WhiteElo "2448"]
[BlackElo "2340"]
[WhiteFideId "2800055"]
[BlackFideId "7000812"]
[EventDate "2012.12.01"]

1. d4 d5 2. c4 c6 3. Nc3 Nf6 4. e3 g6 5. Nf3 Bg7 6. Be2 O-O 7. O-O dxc4 8. Bxc4
Bg4 9. h3 Bxf3 10. Qxf3 Nbd7 11. Rd1 e5 12. Bb3 Qe7 13. Bd2 Rad8 14. Rac1 Rfe8
15. a3 Nb6 16. Ne2 e4 17. Qg3 Nfd5 18. Rc5 Bf8 19. Ra5 a6 20. Nc3 Qd7 21. Rc1
Bd6 22. Qg4 f5 23. Qd1 Bf8 24. Nxd5 cxd5 25. Rac5 Bxc5 26. dxc5 Nc4 27. Bc3 h5
28. Qd4 Kh7 29. Rd1 Ne5 30. Bxd5 Nd3 31. Qf6 Rf8 32. Qd4 Rfe8 33. Qf6 Rf8 34.
Qd4 Rfe8 35. f4 Qe7 36. b4 Rd7 37. Qc4 Qh4 38. Rf1 Qg3 39. Qd4 g5 40. Bg8+ Kxg8
41. Qh8+ Kf7 42. Qf6+ Kg8 43. Qg6+ Kf8 44. Qh6+ Kg8 45. Qg6+ Kf8 46. Qf6+ Kg8
47. Qh8+ Kf7 48. Qg7+ Ke6 49. Qg6+ Kd5 50. Qxe8 Qxe3+ 51. Kh2 gxf4 52. Qxd7+ Kc4
53. c6 Qg3+ 54. Kh1 f3 55. Qd4+ Kb3 56. Qg1 bxc6 57. Bf6 f2 58. Rb1+ Kxa3 59.
Ra1+ Kb3 60. Qb1+ Kc4 61. Qa2+ Kxb4 62. Qa4+ Kc5 63. Qd4+ Kb5 64. Rb1+ 1-0

[Event "4th London Classic Open"]
[Site "London ENG"]
[Date "2012.12.09"]
[Round "9.1"]
[White "Hebden,M"]
[Black "Melkumyan,H"]
[Result "0-1"]
[WhiteTitle "GM"]
[BlackTitle "GM"]
[WhiteElo "2547"]
[BlackElo "2649"]
[WhiteFideId "400084"]
[BlackFideId "13302485"]
[EventDate "2012.12.01"]

1. d4 d5 2. Nf3 Nf6 3. c4 c6 4. e3 Bg4 5. h3 Bh5 6. Nc3 e6 7. g4 Bg6 8. Ne5 Nbd7
9. Nxg6 hxg6 10. Bg2 dxc4 11. Qe2 Nb6 12. O-O Qc7 13. e4 e5 14. Be3 exd4 15.
Bxd4 O-O-O 16. Rfd1 Nfd7 17. b3 Nc5 18. bxc4 Rxd4 19. Rxd4 Ne6 20. Rdd1 Qe5 21.
Rac1 Ba3 22. Rc2 Nd4 23. Rxd4 Qxd4 24. Nd1 Rd8 25. Ne3 Bc5 26. Nf1 Qe5 27. Nd2
Nd7 28. Nf3 Qa1+ 29. Qf1 Qf6 30. Rd2 Nf8 31. Rxd8+ Qxd8 32. Qa1 Ne6 33. Bf1 Qb6
34. Qe1 Qb2 35. Qe2 Qa3 36. Bg2 Qc3 37. Qd2 Qa1+ 38. Bf1 Qf6 39. Bg2 Qa1+ 40.
Bf1 Bb6 41. e5 a5 42. h4 a4 43. h5 gxh5 44. gxh5 a3 45. Qc2 Qb2 46. Bd3 Bc5 47.
Kf1 Kc7 48. Bf5 Kb6 49. Ke1 Ka5 50. Kd1 Kb4 51. Bxe6 fxe6 52. Ne1 Qxc2+ 53. Kxc2
Kxc4 54. Nd3 Kd5 55. f4 Be3 56. Kd1 Ke4 57. Ke2 Bxf4 58. Nc5+ Kxe5 59. Nxb7 Kd5 0-1

[Event "4th London Classic Open"]
[Site "London ENG"]
[Date "2012.12.09"]
[Round "9.2"]
[White "Williams,Si1"]
[Black "Van Kampen,R"]
[Result "0-1"]
[WhiteTitle "GM"]
[BlackTitle "GM"]
[WhiteElo "2515"]
[BlackElo "2570"]
[WhiteFideId "404454"]
[BlackFideId "1020854"]
[EventDate "2012.12.01"]

1. c4 e5 2. Nc3 Nc6 3. Nf3 Nf6 4. g3 Nd4 5. Bg2 Nxf3+ 6. Bxf3 Bb4 7. Qb3 Bc5 8.
d3 O-O 9. g4 c6 10. g5 Ne8 11. Bd2 Nc7 12. h4 Ne6 13. e3 f5 14. O-O-O d6 15. Na4
Bb6 16. c5 Bxc5 17. Nxc5 dxc5 18. Bc3 Qc7 19. h5 b5 20. h6 g6 21. Rh4 a5 22. a4
c4 23. dxc4 b4 24. Be1 Nxg5 25. Be2 Be6 26. f4 Ne4 27. fxe5 Qxe5 28. Qd3 Nc5 29.
Qd6 Qxe3+ 30. Bd2 Nb3+ 31. Kb1 Qxe2 32. Bg5 Ra7 33. Rd3 Rd7 34. Qxd7 Bxd7 35.
Rxd7 Qe1+ 36. Ka2 Nc1+ 37. Bxc1 Qxc1 0-1

[Event "4th London Classic Open"]
[Site "London ENG"]
[Date "2012.12.09"]
[Round "9.3"]
[White "Rowson,J"]
[Black "Sarakauskas,G"]
[Result "1-0"]
[WhiteTitle "GM"]
[BlackTitle "IM"]
[WhiteElo "2586"]
[BlackElo "2408"]
[WhiteFideId "2400561"]
[BlackFideId "12800724"]
[EventDate "2012.12.01"]

1. d4 d5 2. c4 c6 3. Nf3 Nf6 4. Nc3 a6 5. c5 Bf5 6. Bf4 Nbd7 7. e3 g6 8. Be2 Bg7
9. Nd2 O-O 10. g4 Be6 11. h4 b6 12. cxb6 Qxb6 13. Na4 Qa5 14. a3 c5 15. Nxc5
Nxc5 16. b4 Qa4 17. bxc5 Qxd1+ 18. Rxd1 Bxg4 19. Rb1 Rfe8 20. Be5 Bxe2 21. Kxe2
Ng4 22. Bxg7 Kxg7 23. Rb7 e5 24. Nf3 exd4 25. Nxd4 Ne5 26. c6 Kf6 27. Rhb1 Rec8
28. c7 Nd7 29. Rc1 Ke7 30. Nc6+ Kd6 31. Na7 Rxa7 32. Rxa7 Nc5 33. Rb1 Rxc7 34.
Rb6+ 1-0

[Event "4th London Classic Open"]
[Site "London ENG"]
[Date "2012.12.09"]
[Round "9.5"]
[White "Gundavaa,B"]
[Black "Kiik,K"]
[Result "0-1"]
[WhiteTitle "IM"]
[BlackTitle "IM"]
[WhiteElo "2530"]
[BlackElo "2437"]
[WhiteFideId "4901045"]
[BlackFideId "4500075"]
[EventDate "2012.12.01"]

1. e4 d5 2. exd5 Qxd5 3. Nc3 Qa5 4. d4 Nf6 5. Bc4 c6 6. Nf3 Bf5 7. Bd2 Qb6 8.
Bb3 e6 9. O-O Nbd7 10. a4 a5 11. Qe2 Be7 12. h3 O-O 13. Nh4 Bg6 14. Nxg6 hxg6
15. Qe3 Rfe8 16. Ne2 Rac8 17. Bc4 Nd5 18. Qf3 Bf6 19. Qg4 Rcd8 20. Rad1 e5 21.
Bxd5 cxd5 22. Nc3 Qc6 23. Qf3 e4 24. Qe2 Nb6 25. b3 Nc8 26. Be1 Nd6 27. Nb5 b6
28. c3 Bg5 29. c4 Nf5 30. cxd5 Rxd5 31. Qc4 Rc8 32. Qe2 Qc2 33. Bd2 Bxd2 34.
Rxd2 Qxb3 35. Qxe4 Rdd8 36. d5 Rc4 37. Qe5 Qxa4 38. Rb1 Rb4 39. Rxb4 Qxb4 40.
Rb2 Qc5 41. Nc3 Nd6 42. Na4 Qc1+ 43. Kh2 b5 44. Qe7 Qf4+ 45. g3 Qf6 46. Qxf6
gxf6 47. Nc5 Rc8 48. Nb3 a4 49. Nd4 Ra8 50. Nc2 a3 51. Rb3 a2 52. Na1 Kf8 53.
Kg2 Ke7 54. Kf3 Ra5 55. Ke3 Nc4+ 56. Kd4 Kd6 57. g4 Nb6 0-1

[Event "4th London Classic Open"]
[Site "London ENG"]
[Date "2012.12.09"]
[Round "9.6"]
[White "Hawkins,Jo"]
[Black "Ferguson,M"]
[Result "1/2-1/2"]
[WhiteTitle "IM"]
[BlackTitle "IM"]
[WhiteElo "2507"]
[BlackElo "2402"]
[WhiteFideId "412686"]
[BlackFideId "403547"]
[EventDate "2012.12.01"]

1. d4 d5 2. c4 c6 3. Nf3 Nf6 4. Nc3 dxc4 5. a4 Bf5 6. Ne5 Nbd7 7. Nxc4 Qc7 8. g3
e5 9. dxe5 Nxe5 10. Bf4 Nfd7 11. Bg2 g5 12. Bxe5 Nxe5 13. Qd4 f6 14. a5 a6 15.
Ne3 Be6 16. Qe4 Qe7 17. f4 gxf4 18. gxf4 Ng4 19. Nxg4 Bxg4 20. h3 Bd7 21. O-O-O
O-O-O 22. Na4 Qxe4 23. Bxe4 Kc7 24. Nb6 Bc5 25. Nxd7 Rxd7 26. Rxd7+ Kxd7 27.
Bf5+ Ke7 28. Rf1 h6 29. Rf3 Bd6 30. Kc2 Rb8 31. Kc3 Bc7 32. b4 b6 33. axb6 Bxb6
34. Rd3 Rd8 35. Rg3 a5 36. e4 axb4+ 37. Kxb4 Kf7 38. Ra3 Rd4+ 39. Kc3 Rd1 40.
Kc2 Rf1 41. Rd3 Rxf4 42. Rd7+ Kf8 43. Rd6 Kf7 44. Rxc6 Bd4 45. Kd3 Be5 46. Ke2
Bd4 47. Rc7+ Kg8 48. Rd7 Be5 49. Rd1 Kf7 50. Ke3 Kf8 51. Rh1 Kf7 52. Rg1 Bd6 53.
Rg6 Rh4 54. Rg2 Rf4 55. Rd2 Be5 56. Rd7+ Kg8 57. Be6+ Kh8 58. Ra7 Rf1 59. Bf5
Kg8 60. Bg4 Rc1 61. Be6+ Kh8 62. Kf3 h5 63. Bf5 Rc3+ 64. Ke2 Kg8 65. h4 Rc2+ 66.
Kd3 Rh2 67. Kc4 Rxh4 68. Kd5 Rh1 69. Ke6 Rc1 70. Bh7+ Kh8 71. Bg6 Rc7 72. Ra8+
Kg7 73. Bxh5 Kh6 74. Kf5 Rg7 75. Be2 Rg5+ 76. Ke6 Rg2 77. Bc4 Rg3 78. Rh8+ Kg5
79. Rg8+ Kf4 80. Rxg3 1/2-1/2

[Event "4th London Classic Open"]
[Site "London ENG"]
[Date "2012.12.09"]
[Round "9.7"]
[White "Houska,Jo"]
[Black "Schneider,Dm"]
[Result "1-0"]
[WhiteTitle "IM"]
[BlackTitle "IM"]
[WhiteElo "2396"]
[BlackElo "2477"]
[WhiteFideId "405094"]
[BlackFideId "2012545"]
[EventDate "2012.12.01"]

1. d4 d5 2. Nf3 c5 3. c4 e6 4. cxd5 exd5 5. g3 Nc6 6. Bg2 Nf6 7. O-O Be7 8. dxc5
Bxc5 9. a3 O-O 10. b4 Bb6 11. Bb2 Re8 12. Nc3 Bf5 13. Na4 Be4 14. Rc1 Qe7 15. e3
Rad8 16. Qb3 Ng4 17. Nxb6 axb6 18. Rfd1 Qe6 19. h3 Bxf3 20. Bxf3 Nge5 21. Bxe5
Nxe5 22. Bg2 Nc4 23. a4 h5 24. Rd4 Rd6 25. e4 Qf6 26. Rxd5 Rxd5 27. exd5 Nd6 28.
Qd1 h4 29. gxh4 Qxh4 30. Qg4 Qf6 31. a5 bxa5 32. bxa5 Re5 33. h4 g6 34. Qg3 Kg7
35. Rb1 Qe7 36. Rb6 Kh7 37. Qf4 Nf5 38. Kh2 Qxh4+ 39. Qxh4+ Nxh4 40. Rxb7 Nxg2
41. Kxg2 Rxd5 42. Rxf7+ Kg8 43. Ra7 Rf5 44. Kg3 Kh8 45. a6 Ra5 46. f4 Kg8 47.
Kf3 Kf8 48. Ke4 Ke8 49. Kd4 Kf8 50. Kc4 Kg8 51. Kb4 Ra1 52. Kb5 Rb1+ 53. Kc6
Rc1+ 54. Kd6 Ra1 55. Ke5 Ra4 56. Ke6 Kf8 57. Ke5 Kg8 58. Kd5 Ra1 59. Kd6 Ra2 60.
Kc6 Ra1 61. Ra8+ Kg7 62. Kb7 Rb1+ 63. Ka7 Rb4 64. Rc8 Kf6 65. Rb8 Ra4 66. Rb6+
Kf5 67. Kb7 Re4 68. a7 Re7+ 69. Ka6 Re8 70. Rb8 Re1 71. Rb5+ 1-0

[Event "4th London Classic Open"]
[Site "London ENG"]
[Date "2012.12.09"]
[Round "9.8"]
[White "Bates,Ri"]
[Black "Boruchovsky,A"]
[Result "1/2-1/2"]
[WhiteTitle "IM"]
[BlackTitle "IM"]
[WhiteElo "2370"]
[BlackElo "2448"]
[WhiteFideId "403555"]
[BlackFideId "2800055"]
[EventDate "2012.12.01"]

1. d4 Nf6 2. Nf3 g6 3. g3 Bg7 4. Bg2 d5 5. O-O O-O 6. c4 c6 7. b3 Bf5 8. Bb2 Qc8
9. Re1 Ne4 10. Nbd2 Nxd2 11. Qxd2 Be4 12. Rac1 Qd7 13. Qf4 Na6 14. Red1 Rac8 15.
Ne5 Bxe5 16. dxe5 Bxg2 17. Kxg2 Nc7 18. e4 Qe6 19. exd5 cxd5 20. Qf3 Rcd8 21.
cxd5 Nxd5 22. Rd4 Rd7 23. Rcd1 Rfd8 24. h4 h5 25. a4 a5 26. Kh2 Kf8 27. Ba3 Kg7
28. Bb2 Kg8 29. R1d2 Nb4 30. Rxd7 Rxd7 31. Rxd7 Qxd7 32. e6 Qxe6 33. Qxb7 f6 34.
Bc3 Nc6 35. Bxa5 Ne5 36. Bc3 Ng4+ 37. Kg2 Qe2 38. Qf3 Qc2 39. Bd4 e5 40. Qd5+
Kg7 41. Bc5 e4 42. Qd7+ Kg8 43. Qe8+ Kh7 44. Qf7+ Kh8 45. Qc4 Qb1 46. Bd4 Qd1
47. Qc8+ Kh7 48. Qc7+ Kg8 49. Qd8+ Kh7 50. Qe7+ Kh6 51. Qxe4 Qxb3 52. Qc6 Qa2
53. Qa8 Kh7 54. a5 Qc4 55. Qa7+ Kg8 56. Qc5 Qe6 57. Qb6 Qe4+ 58. Kg1 Qe1+ 59.
Kg2 Qe4+ 60. f3 Qe2+ 61. Bf2 Ne5 62. Qxf6 Nd3 63. Qxg6+ Kf8 64. Qf5+ Kg7 65.
Qd7+ Kg8 66. Qd8+ Kf7 67. Qc7+ Kf8 68. Qb8+ Kf7 69. Qa7+ Kg8 70. Qa8+ Kf7 71.
Qd5+ Kf8 72. Qd8+ 1/2-1/2

[Event "4th London Classic Open"]
[Site "London ENG"]
[Date "2012.12.09"]
[Round "9.9"]
[White "Hamitevici,V"]
[Black "Gunajew,R"]
[Result "1-0"]
[WhiteTitle "IM"]
[BlackTitle "FM"]
[WhiteElo "2440"]
[BlackElo "2260"]
[WhiteFideId "13902393"]
[BlackFideId "1116037"]
[EventDate "2012.12.01"]

1. d4 Nf6 2. c4 c5 3. d5 b5 4. cxb5 a6 5. bxa6 g6 6. Nc3 Bxa6 7. e4 Bxf1 8. Kxf1
d6 9. Nf3 Nbd7 10. g3 Bg7 11. Kg2 O-O 12. Qe2 Qc8 13. a4 Qa6 14. Nb5 Rfb8 15.
Ra3 Qb7 16. b3 Ne8 17. Nd2 Nc7 18. Nxc7 Qxc7 19. Nc4 Ne5 20. Bd2 Rb7 21. Ne3
Rab8 22. Rb1 Nd7 23. h4 h5 24. f4 Nf6 25. Nc4 e6 26. dxe6 fxe6 27. e5 Qc6+ 28.
Qf3 Qxf3+ 29. Kxf3 dxe5 30. fxe5 Ng4 31. Bf4 Rb4 32. Raa1 Rxb3+ 33. Rxb3 Rxb3+
34. Ke2 Rb4 35. a5 Rb7 36. a6 Ra7 37. Ra2 Bf8 38. Ne3 Nh6 39. Kd3 Kf7 40. Kc4
Ng8 41. Kb5 Ne7 42. Bg5 Nc8 43. Nc4 Rd7 44. Rd2 Rd5 45. Kc6 Na7+ 46. Kb6 1-0

[Event "4th London Classic Open"]
[Site "London ENG"]
[Date "2012.12.09"]
[Round "9.10"]
[White "Holzke,F"]
[Black "Roberson,P"]
[Result "1-0"]
[WhiteTitle "GM"]
[BlackTitle "FM"]
[WhiteElo "2521"]
[BlackElo "2350"]
[WhiteFideId "4600428"]
[BlackFideId "412384"]
[EventDate "2012.12.01"]

1. e4 e6 2. d4 d5 3. Nd2 c5 4. Ngf3 cxd4 5. Nxd4 Nf6 6. exd5 Qxd5 7. Nb5 Na6 8.
c4 Qc6 9. Nf3 Bb4+ 10. Bd2 O-O 11. Bxb4 Nxb4 12. Be2 a6 13. Nc3 Qc7 14. O-O b6
15. Qb3 Nc6 16. Rfd1 Rb8 17. Rac1 Bb7 18. Nd5 exd5 19. cxd5 Nxd5 20. Rxd5 Qe7
21. Qe3 Qxe3 22. fxe3 Nb4 23. Rd4 a5 24. Ne5 Rfe8 25. Nd7 Rbc8 26. Rxc8 Bxc8 27.
Nxb6 Be6 28. a3 Nc6 29. Bb5 Nxd4 30. Bxe8 Nf5 31. Kf2 Nd6 32. Bc6 Kf8 33. e4 Ke7
34. Ke3 Bb3 35. Kd4 Bc2 36. e5 Nf5+ 37. Kc5 Ne3 38. Nd5+ Nxd5 39. Bxd5 g5 40. b3
f5 41. exf6+ Kxf6 42. b4 axb4 43. axb4 Bd3 44. b5 1-0

[Event "4th London Classic Open"]
[Site "London ENG"]
[Date "2012.12.09"]
[Round "9.11"]
[White "Arkell,K"]
[Black "Ansell,S"]
[Result "1/2-1/2"]
[WhiteTitle "GM"]
[BlackTitle "IM"]
[WhiteElo "2470"]
[BlackElo "2377"]
[WhiteFideId "400270"]
[BlackFideId "402141"]
[EventDate "2012.12.01"]

1. g3 e5 2. c4 Nc6 3. Nc3 g6 4. Bg2 Bg7 5. Rb1 f5 6. b4 Nf6 7. b5 Ne7 8. d4 exd4
9. Qxd4 O-O 10. Qd3 d6 11. Nh3 Qe8 12. Nf4 Qf7 13. Nfd5 Nexd5 14. Nxd5 Ne4 15.
Bb2 Be6 16. Bxg7 Qxg7 17. O-O Rae8 18. Rbc1 Nc5 19. Qc3 Qxc3 20. Rxc3 Bxd5 21.
Bxd5+ Kg7 22. e3 a5 23. Ra3 a4 24. f4 Kf6 25. Kf2 Re7 26. Rd1 h6 27. Bf3 Rd8 28.
Rd5 h5 29. h3 Ke6 30. Rc3 Kd7 31. Rd1 c6 32. Rc2 Kc7 33. Rcd2 Re6 34. Rd4 Rde8
35. Re1 Kb6 36. bxc6 bxc6 37. g4 Kc7 38. gxf5 gxf5 39. h4 Rg8 40. Rdd1 Reg6 41.
Rh1 Rg3 42. Rh2 a3 43. Rb1 Ne4+ 44. Bxe4 fxe4 45. c5 d5 46. Rf1 d4 47. exd4 Rc3
48. Re1 Rf3+ 49. Ke2 Rb8 50. Rd1 Rc3 51. Rhh1 Rg3 52. Rb1 Rbg8 53. Rhf1 R8g4 54.
Rb3 Rg2+ 55. Ke3 Rxa2 56. Kxe4 Re2+ 57. Kf3 Reg2 58. Rfb1 a2 59. Rb7+ Kc8 60.
Rb8+ Kd7 61. Ra1 Ke6 62. Ke4 Rf2 63. Rd8 Rgxf4+ 64. Kd3 R4f3+ 65. Ke4 Rf4+ 66.
Kd3 R4f3+ 67. Kc4 Rc2+ 68. Kb4 Rb2+ 69. Ka4 Rff2 70. Ka3 Rbe2 71. Rd6+ Kf5 72.
Rxc6 Ke4 73. Rd6 Kd3 74. c6 Rc2 75. d5 Kc4 76. c7 Kb5 77. Kb3 Rxc7 78. Rxa2 Rf3+
79. Kb2 Rg7 80. Rc6 Rg2+ 81. Rc2 Rxc2+ 82. Kxc2 1/2-1/2

[Event "4th London Classic Open"]
[Site "London ENG"]
[Date "2012.12.09"]
[Round "9.12"]
[White "Weber,T"]
[Black "Cherniaev,A1"]
[Result "1-0"]
[WhiteTitle "FM"]
[BlackTitle "GM"]
[WhiteElo "2372"]
[BlackElo "2460"]
[WhiteFideId "4000609"]
[BlackFideId "4117301"]
[EventDate "2012.12.01"]

1. c4 e5 2. g3 h5 3. h4 Nc6 4. Bg2 Nf6 5. Nc3 a6 6. Nf3 Bc5 7. d3 Ng4 8. O-O d6
9. e3 Ba7 10. d4 Bf5 11. a3 O-O 12. b4 Ne7 13. Bb2 Ng6 14. Qd2 c6 15. e4 Be6 16.
d5 cxd5 17. Nxd5 f6 18. Nh2 Ne7 19. Nxg4 hxg4 20. Rac1 Nxd5 21. exd5 Bd7 22. c5
Bb5 23. Rfe1 f5 24. cxd6 e4 25. Rc7 Bd7 26. Rxb7 Rf7 27. Be5 Bb8 28. Rc1 a5 29.
bxa5 Be8 30. Qb4 e3 31. fxe3 1-0

[Event "London Classic Women Inv"]
[Site "London ENG"]
[Date "2012.12.01"]
[Round "1"]
[White "Reppen,E"]
[Black "Miturova,M"]
[Result "0-1"]
[BlackTitle "WF"]
[WhiteElo "2001"]
[BlackElo "2157"]
[WhiteFideId "1504959"]
[BlackFideId "330221"]
[EventDate "2012.12.01"]

1. e4 e5 2. Nf3 Nc6 3. Bb5 a6 4. Ba4 Nf6 5. O-O Be7 6. d3 d6 7. c3 b5 8. Bc2 O-O
9. Re1 h6 10. Nbd2 Re8 11. Nf1 Bf8 12. Ng3 Nb8 13. d4 Nbd7 14. b3 Bb7 15. h3 c6
16. Nf5 Qc7 17. Nh2 d5 18. dxe5 Qxe5 19. Nf3 Qc7 20. exd5 Rxe1+ 21. Qxe1 Re8 22.
Qd2 cxd5 23. Bb2 Ne4 24. Bxe4 dxe4 25. N3d4 Ne5 26. Rd1 Nd3 27. Ba1 Kh7 28. Qe3
Ne5 29. Ng3 Nd7 30. Bb2 Nf6 31. Ngf5 g6 32. Qg3 Qb6 33. Nh4 Bd6 34. Qe3 Nd5 35.
Qc1 Bf4 36. Qb1 Bg5 37. g3 Bxh4 38. gxh4 e3 39. fxe3 Nxe3 40. Rd2 Qc5 41. Rf2
Qd5 42. Rf3 Nf5 43. c4 bxc4 44. bxc4 Qc5 45. Rf4 Re2 46. Rg4 Qb6 47. Qc1 Rxb2
48. c5 Rb1 0-1

[Event "London Classic Women Inv"]
[Site "London ENG"]
[Date "2012.12.01"]
[Round "1"]
[White "Sandu,Mi"]
[Black "Owens,M"]
[Result "1-0"]
[WhiteTitle "WGM"]
[WhiteElo "2199"]
[BlackElo "1847"]
[WhiteFideId "1204327"]
[BlackFideId "1801996"]
[EventDate "2012.12.01"]

1. e4 c5 2. Nf3 g6 3. c4 Bg7 4. d4 cxd4 5. Nxd4 Nc6 6. Be3 Nf6 7. Nc3 Ng4 8.
Qxg4 Nxd4 9. Qd1 Ne6 10. Be2 Qa5 11. O-O b6 12. Rc1 Bb7 13. f3 g5 14. Rf2 Qe5
15. b4 f5 16. Nd5 Nf4 17. Bd2 Nxd5 18. exd5 Qf6 19. Bc3 Qf7 20. Bxg7 Qxg7 21. c5
Rc8 22. c6 dxc6 23. dxc6 1-0

[Event "London Classic Women Inv"]
[Site "London ENG"]
[Date "2012.12.01"]
[Round "1"]
[White "Mareckova,M"]
[Black "Olsarova,T"]
[Result "1/2-1/2"]
[WhiteTitle "WF"]
[BlackTitle "WIM"]
[WhiteElo "2080"]
[BlackElo "2267"]
[WhiteFideId "327930"]
[BlackFideId "325449"]
[EventDate "2012.12.01"]

1. e4 e5 2. Nf3 Nc6 3. d4 exd4 4. Bc4 Nf6 5. O-O Nxe4 6. Re1 d5 7. Bxd5 Qxd5 8.
Nc3 Qa5 9. Nxe4 Be6 10. Bd2 Qd5 11. Bg5 Bd6 12. Bf6 O-O 13. Nxd4 Nxd4 14. Qxd4
Qxd4 15. Bxd4 Rfd8 16. Nxd6 Rxd6 17. Bc3 Rad8 18. f3 h6 19. Kf2 Kh7 20. a3 R8d7
21. Re5 Rd1 22. Rxd1 Rxd1 23. Re1 Rd5 24. Re5 Rd1 25. Re1 Rd5 26. Re5 1/2-1/2

[Event "London Classic Women Inv"]
[Site "London ENG"]
[Date "2012.12.01"]
[Round "1"]
[White "Smith,O"]
[Black "Kalaiyalahan,Akshaya"]
[Result "1/2-1/2"]
[WhiteTitle "WF"]
[WhiteElo "2018"]
[BlackElo "1750"]
[WhiteFideId "411850"]
[BlackFideId "422894"]
[EventDate "2012.12.01"]

1. e4 c5 2. Nf3 e6 3. d3 d6 4. g3 Nf6 5. Bg2 Be7 6. O-O O-O 7. c3 Nc6 8. Re1 d5
9. e5 Nd7 10. h4 Qc7 11. Bf4 b5 12. Nbd2 Bb7 13. Nf1 b4 14. c4 dxc4 15. dxc4
Rfd8 16. Qc2 Nf8 17. h5 Nd4 18. Nxd4 cxd4 19. Bxb7 Qxb7 20. Nd2 Rac8 21. b3 d3
22. Qd1 Nd7 23. Qg4 Kh8 24. h6 g6 25. Bg5 Nc5 26. Qf4 Kg8 27. Re3 Re8 28. Bxe7
Qxe7 29. Ne4 Nxe4 30. Rxe4 Red8 31. Rd1 Rd7 32. Rd4 Rxd4 33. Qxd4 Rd8 34. Qe3
Qd7 35. Qf3 f5 36. exf6 Kf7 37. c5 Qd5 38. Qe3 d2 39. f3 Kxf6 40. Kg2 Qd4 41.
Kf2 Qc3 42. c6 Qxc6 43. Qf4+ Ke7 44. Qxb4+ Qd6 45. Qxd6+ Rxd6 46. Ke3 Rd5 47.
Rxd2 Rh5 48. Rd4 a5 49. g4 Rxh6 50. Ra4 Rh2 51. Rxa5 h5 52. gxh5 gxh5 53. Kf4
Rg2 54. Rxh5 Rxa2 55. Rb5 Rb2 56. Ke5 Re2+ 57. Kd4 Rf2 58. Ke3 Rb2 59. f4 Kd6
60. Kd3 Rf2 61. Rb4 Kc5 62. Rc4+ Kd5 63. Kc3 e5 64. fxe5 Kxe5 65. Kb4 Rf8 66.
Rc6 Kd5 67. Rc5+ Kd6 68. Kc4 Rf1 69. Kb5 Rf8 70. b4 Rb8+ 71. Kc4 Ra8 72. Kb5
Rb8+ 73. Ka4 Ra8+ 74. Kb3 Rb8 75. Rc4 Kd5 76. Kc3 Ra8 77. Rc7 Rb8 78. Kb3 Kd6
79. Rg7 Kc6 80. Kc4 Kb6 81. b5 Rc8+ 82. Kb4 Rc1 83. Rg6+ Kb7 84. Rg5 Rb1+ 85.
Kc5 Rc1+ 86. Kd6 Kb6 87. Kd7 Rc5 88. Rxc5 1/2-1/2

[Event "London Classic Women Inv"]
[Site "London ENG"]
[Date "2012.12.01"]
[Round "1"]
[White "Daulyte,D"]
[Black "Bhatia,K"]
[Result "1-0"]
[WhiteTitle "WGM"]
[BlackTitle "WF"]
[WhiteElo "2212"]
[BlackElo "2057"]
[WhiteFideId "12802859"]
[BlackFideId "407496"]
[EventDate "2012.12.01"]

1. e4 e5 2. Nf3 Nc6 3. d4 exd4 4. Nxd4 Bc5 5. Nb3 Bb4+ 6. Bd2 Qe7 7. Bd3 Nf6 8.
c3 Ne5 9. Bc2 Bc5 10. Nxc5 Qxc5 11. Be3 Qb5 12. b4 O-O 13. a4 Qc4 14. Bd4 Re8
15. Na3 Qc6 16. O-O a6 17. f4 Ng6 18. e5 Nh4 19. Rf2 Nd5 20. g3 Nxf4 21. gxf4 b5
22. Qd3 Bb7 23. Qxh7+ Kf8 24. Qh8+ Ke7 25. Qxh4+ Kf8 26. Kf1 Qh1+ 27. Ke2 Qxa1
28. Nb1 Re6 29. Qh8+ Ke7 30. Qxg7 Qa2 31. Kd1 Re8 32. f5 Rc6 33. Qg5+ Kf8 34. f6 1-0

[Event "London Classic Women Inv"]
[Site "London ENG"]
[Date "2012.12.02"]
[Round "2"]
[White "Miturova,M"]
[Black "Bhatia,K"]
[Result "1-0"]
[WhiteTitle "WF"]
[BlackTitle "WF"]
[WhiteElo "2157"]
[BlackElo "2057"]
[WhiteFideId "330221"]
[BlackFideId "407496"]
[EventDate "2012.12.01"]

1. e4 e5 2. Nf3 Nc6 3. d4 exd4 4. Nxd4 Bc5 5. Be3 Qf6 6. c3 Nge7 7. Bc4 Ne5 8.
Be2 Qg6 9. O-O d6 10. f4 Qxe4 11. Bf2 Bxd4 12. cxd4 N5g6 13. g3 O-O 14. Nc3 Qf5
15. d5 Re8 16. Bf3 Qd7 17. Rc1 a5 18. h4 Nf5 19. h5 Nf8 20. Re1 Rxe1+ 21. Qxe1
Nh6 22. Ne4 Ng4 23. Bd4 Qf5 24. Ng5 Qd3 25. Rd1 Qb5 26. Qc3 f6 27. Qxc7 Bd7 28.
Bxg4 Bxg4 29. Qf7+ Kh8 30. h6 1-0